000 02061cam a22004454i 4500
003 PE-LiUPU
005 20250731173103.0
008 150623s r 000 0 d
020 _a0801043646
035 _a(Sirsi) i9780801043642
040 _aPE-LiUPU
_bspa
_cPE-LiUPU
_erda
049 _aPRUA
082 0 4 _a242.2
_bM52
_221
100 1 _aManfred, Holck,
_eautor.
245 1 0 _aMore dedications & readings for church events.
264 1 _aGrand Rapids, Michigan :
_bBaker Book House,
_c1992.
300 _a101 páginas ;
_c20 centímetros
336 _atext
_2rdacontent
337 _aunmediated
_2rdamedia
338 _avolume
_2rdacarrier
505 0 _aAcoyte robes and stoles. -Adoption of a child. -Altar candelabra. -Altar or communion table. -Ashes, distribution at sea. -Attendance pads and covers. -Audiovisual equipment. -Baptismal font or baptistry. -Bible stand. -Building addition. -Building committee. -Chapel. -Chimes or carillon. -Choir robes and stoles. -communion cup. -cornestone laying. -cross'lifting. -Doors. -Financial pledges. -Former pastors. -Funeral pall. -Ground'breaking ceremony (church). -Ground'breaking ceremmony (senior home). -Hospital. -Himnals. -Kneeling bench and candelabra. -Lectern (amplified). -Merging of congregations. -Mortagage debt retirement. -Office equipment. -Organ and chimes. -Parking lot. -Public school educators. -Sign..
526 _aSEG42
526 _aSEG41
526 _aSEG40
526 _aSEG39
526 _aP94
526 _aP87
526 _aP86
526 _aP85
526 _aP77
526 _aP76
526 _aP35
650 0 4 _aMEDITACIONES.
942 _2ddc
_cBOOK
949 _a242.2 M52
_wDEWEY
_c1
_i49122
_lCCODEBUL1
_mBUL
_r0
_sY
_tBOOK
_u2015-6-24
_xTEOLOGIA
_PP35
_0COMPRA
_o.STAFF. Colección General
994 _aC0
_bPEPRU
596 _a1
999 _a242.2 M52
_wDEWEY
_c28268
_i49122
_f2021-11-11
_g5
_lCCODEBUL1
_mBUL
_r0
_sY
_tBOOK
_u2015-6-24
_xTEOLOGIA
_PP35
_0COMPRA
_o.STAFF. Colección General
_d28268
980 _81
_gALBERTO SANCHEZ Responsable de Automatización